000
00275nam a2200109Ia 4500
008
200302s9999 xx 000 0 und d
100
_a
Harry M. Johnson
245
_a
Sociology A Systematic Introduction
260
_b
Allied Publishers Ltd.
260
_c
1999
300
_a
688 P.,
999
_c
5497
_d
5497